Normal view
MARC view
Entry Personal Name
001 - CONTROL NUMBER
- control field: 27560
003 - CONTROL NUMBER IDENTIFIER
- control field: OSt
005 - DATE AND TIME OF LATEST TRANSACTION
- control field: 20210923150722.0
008 - FIXED-LENGTH DATA ELEMENTS
- fixed length control field: 210923|| aca||aabn | a|a d
040 ## - CATALOGING SOURCE
- Original cataloging agency: OSt
- Transcribing agency: OSt
100 ## - HEADING--PERSONAL NAME
- Personal name: Coey, Dominic Larsen, Bradley J. and Platt, Breannan C.
670 ## - SOURCE DATA FOUND
- Source citation: Work cat.: (OSt)517626: Coey, Dominic Larsen, Bradley J. and Platt, Breannan C. , Discounts and deadlines in consumer search
